[Event "World Amateur-ch U1700 (Women)"]
[Site "Muscat"]
[Date "2023.11.07"]
[Round "6"]
[White "Anudari, Tsogdelger"]
[Black "Asudani, Ruhani Raj"]
[Result "1-0"]
[WhiteElo "1587"]
[BlackElo "1576"]
[PlyCount "113"]
[EventDate "2023.11.02"]
[EventType "swiss"]
[EventRounds "9"]
[EventCountry "OMN"]
[SourceTitle "CB47_2023"]
[SourceDate "2023.11.22"]
[SourceVersion "1"]
[SourceVersionDate "2023.11.22"]
[SourceQuality "1"]

1. c4 e6 2. d4 d5 3. Nf3 Nf6 4. g3 Be7 5. Bg2 0-0 6. 0-0 c6 7. Nfd2 Nbd7 8. e4 dxe4 9. Nxe4 e5 10. Nxf6+ Bxf6 11. d5 cxd5 12. cxd5 Nb6 13. Nc3 Bf5 14. Be3 Nc4 15. Bc5 Re8 16. Qe2 Nd6 17. Ne4 Be7 18. Bxd6 Bxd6 19. Rac1 Qd7 20. Nxd6 Qxd6 21. g4 Bg6 22. Rc4 Rad8 23. Rfc1 f6 24. Rc7 Rd7 25. Rxd7 Qxd7 26. Qc4 Kh8 27. h3 h6 28. Qc5 e4 29. d6 b6 30. Qd4 Re6 31. Rd1 f5 32. Bf1 fxg4 33. Bb5 Qd8 34. hxg4 e3 35. d7 e2 36. Bxe2 Rxe2 37. Qc4 Kh7 38. Qxe2 a5 39. Rd6 b5 40. Rxg6 Qxd7 41. Qe4 Kg8 42. Qe6+ Qxe6 43. Rxe6 Kf7 44. Re5 b4 45. Rxa5 b3 46. axb3 g6 47. Re5 h5 48. gxh5 gxh5 49. b4 Kf6 50. Re3 Kg6 51. b5 h4 52. b6 h3 53. b7 h2+ 54. Kxh2 Kh7 55. b8Q Kh6 56. Qg8 Kh5 57. Rh3# 1-0

[Event "Ulaanbaatar Mica op"]
[Site "Ulaanbaatar"]
[Date "2022.06.20"]
[Round "6"]
[White "Anudari, Tsogdelger"]
[Black "Oyundelger, Ochgerel"]
[Result "1-0"]
[WhiteElo "1648"]
[BlackElo "1087"]
[PlyCount "119"]
[EventDate "2022.06.17"]
[EventType "swiss"]
[EventRounds "9"]
[EventCountry "MGL"]
[SourceTitle "EXT 2023"]
[Source "ChessBase"]
[SourceDate "2022.10.05"]
[SourceVersion "1"]
[SourceVersionDate "2022.10.05"]
[SourceQuality "1"]

1. d4 Nf6 2. c4 g6 3. g3 Bg7 4. Bg2 d5 5. cxd5 Nxd5 6. e4 Nb6 7. Ne2 0-0 8. Nbc3 c5 9. dxc5 Qxd1+ 10. Kxd1 N6d7 11. Be3 Ne5 12. Kc2 Na6 13. a3 Bg4 14. Rhe1 Bf3 15. Bxf3 Nxf3 16. Rh1 Rfd8 17. b4 Nc7 18. h4 a5 19. Rad1 axb4 20. axb4 Na6 21. Kb3 Ne5 22. b5 Nc7 23. Bd4 Nd7 24. Kb4 Ne6 25. Be3 Ne5 26. Nd5 Kf8 27. f4 Ng4 28. Rd3 Ra2 29. Nec3 Rb2+ 30. Kc4 Nxe3+ 31. Rxe3 Bd4 32. Rd3 Bxc3 33. Nxc3 Rxd3 34. Kxd3 Nxc5+ 35. Kc4 b6 36. Ra1 Rc2 37. Ra8+ Kg7 38. Kd4 Rd2+ 39. Kc4 Rc2 40. Rb8 e6 41. Rxb6 Rxc3+ 42. Kxc3 Na4+ 43. Kb4 Nxb6 44. Kc5 Nc8 45. b6 Nxb6 46. Kxb6 Kf6 47. Kc6 e5 48. Kd6 exf4 49. gxf4 h6 50. e5+ Kg7 51. Ke7 h5 52. Ke8 Kg8 53. Ke7 Kg7 54. e6 fxe6 55. Kxe6 Kh7 56. Kf7 Kh6 57. Kg8 g5 58. fxg5+ Kg6 59. Kh8 Kf7 60. Kh7 1-0

[Event "Ulaanbaatar Mica op"]
[Site "Ulaanbaatar"]
[Date "2022.06.19"]
[Round "4"]
[White "Anudari, Tsogdelger"]
[Black "Anand, Munkhbat"]
[Result "1-0"]
[WhiteElo "1648"]
[BlackElo "1683"]
[PlyCount "109"]
[EventDate "2022.06.17"]
[EventType "swiss"]
[EventRounds "9"]
[EventCountry "MGL"]
[SourceTitle "EXT 2023"]
[Source "ChessBase"]
[SourceDate "2022.10.05"]
[SourceVersion "1"]
[SourceVersionDate "2022.10.05"]
[SourceQuality "1"]

1. d4 Nf6 2. c4 e5 3. dxe5 Ng4 4. Nf3 Bc5 5. e3 Nc6 6. Nc3 Ngxe5 7. Nxe5 Nxe5 8. Be2 0-0 9. b3 d6 10. Bb2 Bf5 11. 0-0 Qh4 12. Nd5 c6 13. Nf4 Ng4 14. Bxg4 Bxg4 15. Qd2 a5 16. a3 Qe7 17. b4 axb4 18. axb4 Bb6 19. h3 Bf5 20. Rfd1 Bc7 21. Nh5 f6 22. Ng3 Be6 23. Qc3 d5 24. cxd5 Bxg3 25. dxe6 Be5 26. Qb3 Bxb2 27. Rxa8 Rxa8 28. Rd7 Qe8 29. Qxb2 Qxe6 30. Rxb7 Rd8 31. Qc2 Rc8 32. Qd3 f5 33. Qd7 Qxd7 34. Rxd7 Rb8 35. Rd4 Kf7 36. g4 fxg4 37. hxg4 Kf6 38. f4 Ke6 39. Kg2 g6 40. Kf3 Ra8 41. Ke4 Rf8 42. Rd2 Rb8 43. f5+ Kf6 44. Rd6+ Kg5 45. f6 Rxb4+ 46. Ke5 h5 47. f7 Rb8 48. gxh5 gxh5 49. Rxc6 h4 50. Rc1 Kg6 51. Rf1 Rf8 52. Ke6 h3 53. Rg1+ Kh5 54. Ke7 Rxf7+ 55. Kxf7 1-0